000 00996cam8a220028900 4500
001 lce00116011
008 760503s1976 onca 000 0 eng d
010 _acn 76017032
015 _aC76-17032-0
020 _c
_5.95
035 _a(Sirsi) r87373
035 _a(DLC)cn 76017032
035 _a(UPRA)lce00116011
040 _aCaOTY
_beng
_cCaOONL
_dCaOONL
055 0 2 _aPS8535*
082 _aC812/.5/4
100 1 _aReaney, James.
_6A46791.1
245 1 0 _aSticks and stones :
_bthe Donnellys, part I /
_cJames Reaney ; with scholorly apparatus by James Noonan.
250 _a3d print. with revision.
260 _a[Erin, Ont.] :
_bPress Porcepic,
_c1976.
500 _aFirst ed. published in 1975.
600 3 0 _aDonnelly family -- Drama.
_xDonnelly family -- Drama.
_6S36005.1
600 3 6 _aDonnelly (Famille) -- The^atre.
_xDonnelly (Famille) -- The^atre.
_6S36006.1
740 4 _aThe Donnellys, part I.
949 _aPR9199.3.R43
_wlcc
_i-121679
_mMAIN
_tBOOK
_lON-SHELF
004 87373
999 _c133569
_d133569